| 000 | 00834nas a22002531i#4500 | ||
|---|---|---|---|
| 001 | 2537 | ||
| 003 | ES-MaACL | ||
| 005 | 20250909180542.0 | ||
| 007 | t| | ||
| 008 | 950801d18951910sp | | 1 ||pa d | ||
| 080 | _a460 | ||
| 245 | 0 | 0 |
_aAnuario de legislación universal complemento de las instituciones políticas y jurídicas de los pueblos modernos / _cdir. Vicente Romero Girón y Alejo García Moreno. |
| 260 |
_aMadrid : _bEnrique Maroto, _c1895-1910. |
||
| 300 |
_a18 v. ; _c25 cm. |
||
| 310 | _aAnual | ||
| 362 | 0 | _aT. I (1894)-1910. | |
| 650 | 7 |
_aDerecho- _zEuropa _2 _9158059 |
|
| 650 | 7 |
_aDerecho- _zAmérica _2 _9158060 |
|
| 700 | 1 |
_aRomero Girón, Vicente, _d1835-1900 _999395 |
|
| 700 | 1 |
_aGarcía Moreno, A. _954997 |
|
| 852 |
_aES-MaACL _jF-3388-3406 |
||
| 866 | 0 | _o1894-1908. | |
| 999 |
_c2537 _d2537 |
||